000 00972nam0a22002651 4500
001 v19\rc\2055316
005 20260406174752.0
035 _a(NLR Aleph) 005132855
090 _a4726349
_c4726349
100 _a20081111d1908 |||y0rusy50 ca
101 0 _arus
102 _aRU
105 _ay z |||||
200 1 _aБромураль (α-монобромизовалерьянмочевина)
_fКнолль и К°. Людвигсгафен на Рейне
210 _aМосква
_d[1908]
215 _a[4] с.
309 _aБез тит. л. и обл.
320 _aБиблиогр. в конце текста
532 1 3 _aБромураль альфа-монобромизовалерьянмочевина
710 0 2 _a"Кнолль и К°", фирма
_cЛюдвигсгафен-на-Рейне
_3RU\NLR\AUTH\889942864
_9380755
801 0 _aRU
_bNLR
_gpsbo
801 1 _aRU
_bProSoft-M
_2rusmarc
852 _aNLR
_j40.18.9.655
942 _cBOOK
980 _aNB